[Event "CZE-ch Betsys Online Blitz"]
[Site "Chess.com INT"]
[Date "2021.04.17"]
[Round "8"]
[White "Mica, Marek"]
[Black "Uher, Vladimir"]
[Result "1-0"]
[WhiteElo "2274"]
[BlackElo "2055"]
[PlyCount "83"]
[EventDate "2021.04.17"]
[EventType "swiss (blitz)"]
[EventRounds "13"]
[EventCountry "CZE"]
[SourceTitle "CBM 201 Extra"]
[Source "ChessBase"]
[SourceDate "2021.05.31"]
[SourceVersion "1"]
[SourceVersionDate "2021.05.31"]
[SourceQuality "1"]

1. Nf3 Nf6 2. e3 d5 3. b3 g6 4. Bb2 Bg7 5. c4 c6 6. Nc3 0-0 7. Rc1 b6 8. d4 Bb7 9. Be2 Nbd7 10. 0-0 e6 11. cxd5 exd5 12. Ba3 Re8 13. Bd3 Bf8 14. Bxf8 Nxf8 15. Qe2 Ne6 16. Ba6 Qc8 17. Bxb7 Qxb7 18. Na4 Rac8 19. Nc3 h5 20. Rfd1 Kg7 21. h3 Rc7 22. Qb2 Kg8 23. b4 Rec8 24. a4 Nd7 25. Qb3 Nf6 26. Ne5 Nd7 27. Nxd7 Rxd7 28. b5 c5 29. dxc5 bxc5 30. Nxd5 c4 31. Nf6+ Kg7 32. Qc3 Rxd1+ 33. Rxd1 Kh6 34. Rd7 Rc7 35. Rxc7 Qxc7 36. Nd5 Qc5 37. Qh8+ Kg5 38. h4+ Kxh4 39. Qf6+ g5 40. g3+ Kh3 41. Qf5+ g4 42. Qxh5# 1-0

[Event "CZE-ch Betsys Online Blitz"]
[Site "Chess.com INT"]
[Date "2021.04.17"]
[Round "1"]
[White "Uher, Vladimir"]
[Black "Nikolinko, Tomas"]
[Result "1-0"]
[WhiteElo "2055"]
[BlackElo "1229"]
[PlyCount "100"]
[EventDate "2021.04.17"]
[EventType "swiss (blitz)"]
[EventRounds "13"]
[EventCountry "CZE"]
[SourceTitle "CBM 201 Extra"]
[Source "ChessBase"]
[SourceDate "2021.05.31"]
[SourceVersion "1"]
[SourceVersionDate "2021.05.31"]
[SourceQuality "1"]

1. d4 d5 2. Nf3 Nc6 3. g3 Nf6 4. Bg2 g6 5. 0-0 Bg7 6. b3 0-0 7. Bb2 Re8 8. Nbd2 Bg4 9. c4 e5 10. dxe5 Bxf3 11. Nxf3 Nd7 12. cxd5 Ncxe5 13. Nxe5 Nxe5 14. Qd2 c6 15. Rfd1 cxd5 16. Qxd5 Qxd5 17. Bxd5 Nc6 18. Bxg7 Kxg7 19. Bxc6 bxc6 20. e3 Rad8 21. Kf1 Rxd1+ 22. Rxd1 Kf6 23. Rd6+ Re6 24. Rxe6+ Kxe6 25. Ke2 h5 26. Kd3 Kd5 27. e4+ Ke5 28. f4+ Kd6 29. Kd4 f6 30. Kc4 a6 31. Kd4 a5 32. Kc4 g5 33. Kd4 gxf4 34. gxf4 h4 35. h3 c5+ 36. Kc4 Kc6 37. a3 Kb6 38. e5 fxe5 39. fxe5 Kc6 40. e6 a4 41. bxa4 Kd6 42. e7 Kxe7 43. Kxc5 Kd8 44. Kd5 Kc7 45. Ke5 Kb6 46. Kf5 Ka5 47. Kg4 Kxa4 48. Kxh4 Kxa3 49. Kg5 Kb4 50. h4 Kc5 1-0

[Event "CZE-chT1E 1213"]
[Site "Czech Republic"]
[Date "2012.11.10"]
[Round "3.8"]
[White "Vyslouzil, Lukas"]
[Black "Uher, Vladimir"]
[Result "1-0"]
[WhiteElo "1860"]
[BlackElo "2103"]
[PlyCount "67"]
[EventDate "2012.10.21"]
[EventType "team-tourn"]
[EventRounds "11"]
[EventCountry "CZE"]
[SourceTitle "EXT 2014"]
[Source "ChessBase"]
[SourceDate "2013.11.20"]
[SourceVersion "1"]
[SourceVersionDate "2013.11.20"]
[SourceQuality "1"]
[WhiteTeam "Grygov II"]
[BlackTeam "Trebic Caissa"]
[WhiteTeamCountry "CZE"]
[BlackTeamCountry "CZE"]

1. e4 c6 2. d4 d5 3. exd5 cxd5 4. c4 Nf6 5. Nc3 g6 6. Nf3 Bg7 7. Be3 0-0 8. h3 b6 9. cxd5 Nxd5 10. Bc4 Bb7 11. 0-0 Nxc3 12. bxc3 Qc7 13. Bb3 Qxc3 14. Rc1 Qb4 15. Rc7 Be4 16. Ng5 Qd6 17. Bxf7+ Kh8 18. Qc1 Na6 19. Rc3 Bd5 20. Bxd5 Qxd5 21. Qa3 Qb7 22. Ne6 Rf5 23. Nxg7 Kxg7 24. Rfc1 Rd8 25. Qb3 Rd7 26. Rc8 Rfd5 27. Bf4 Nc5 28. dxc5 Qxc8 29. c6 Rd8 30. Qe3 Rd1+ 31. Rxd1 Rxd1+ 32. Kh2 Qxc6 33. Qxe7+ Kg8 34. Be5 1-0

[Event "CZE-chT2D 1112"]
[Site "Czech Republic"]
[Date "2012.03.25"]
[Round "10"]
[White "Uher, Vladimir"]
[Black "Kouba, Petr2222"]
[Result "1-0"]
[WhiteElo "2113"]
[BlackElo "2013"]
[PlyCount "103"]
[EventDate "2011.10.09"]
[EventType "team-tourn"]
[EventRounds "11"]
[EventCountry "CZE"]
[SourceTitle "EXT 2013"]
[Source "ChessBase"]
[SourceDate "2012.11.22"]
[SourceVersion "1"]
[SourceVersionDate "2012.11.22"]
[SourceQuality "1"]
[WhiteTeam "Trebic Caissa"]
[BlackTeam "Trebic Caissa"]
[WhiteTeamCountry "CZE"]
[BlackTeamCountry "CZE"]

1. d4 d5 2. Nf3 Nf6 3. g3 g6 4. Bg2 Bg7 5. 0-0 0-0 6. c4 dxc4 7. Na3 c6 8. Nxc4 Nbd7 9. b3 Nb6 10. Bb2 Be6 11. Na5 Bc8 12. b4 Nbd5 13. a3 Qb6 14. Ne5 e6 15. Qc2 Bd7 16. Rac1 Rfc8 17. Rfd1 Bf8 18. Qd2 Rab8 19. e4 Ne7 20. Qf4 Bg7 21. Nac4 Qc7 22. g4 Be8 23. g5 Nd7 24. Qg3 Nxe5 25. dxe5 Rd8 26. f4 b6 27. Ne3 c5 28. Bf3 Ba4 29. Rf1 Rd3 30. Ng4 Rbd8 31. Nf6+ Kf8 32. Nxh7+ Ke8 33. Nf6+ Kf8 34. bxc5 bxc5 35. Rc3 c4 36. Rxd3 Rxd3 37. Qf2 c3 38. Bc1 c2 39. Be2 Rc3 40. Qd4 Be8 41. Rf3 Rxf3 42. Bxf3 Qa5 43. Kf2 Ba4 44. Qd6 Qb6+ 45. Qxb6 axb6 46. Ke3 Nc6 47. Nd7+ Ke7 48. Nxb6 Bb3 49. Be2 Nxe5 50. fxe5 Bxe5 51. h3 Bb8 52. Bc4 1-0

[Event "CZE-chT2D 0910"]
[Site "Czech Republic"]
[Date "2009.12.06"]
[Round "4.5"]
[White "Pirklova, Hana"]
[Black "Uher, Vladimir"]
[Result "1/2-1/2"]
[WhiteElo "2190"]
[BlackElo "2088"]
[PlyCount "65"]
[EventDate "2009.10.18"]
[EventType "team-tourn"]
[EventRounds "11"]
[EventCountry "CZE"]
[SourceTitle "EXT 2012"]
[Source "ChessBase"]
[SourceDate "2011.11.24"]
[SourceVersion "1"]
[SourceVersionDate "2011.11.24"]
[SourceQuality "1"]
[WhiteTeam "Rychnov nad Kneznou"]
[BlackTeam "Trebic Caissa II"]
[WhiteTeamCountry "CZE"]
[BlackTeamCountry "CZE"]

1. e4 c6 2. d4 d5 3. e5 g6 4. Bd3 Bf5 5. Bxf5 gxf5 6. e6 Qd6 7. exf7+ Kxf7 8. Nf3 Nd7 9. 0-0 Bh6 10. Ng5+ Bxg5 11. Bxg5 Qg6 12. Qd2 Ngf6 13. f3 Rhg8 14. Bh4 Qh5 15. Bxf6 Nxf6 16. Nc3 Qg5 17. Qxg5 Rxg5 18. Rae1 Nh5 19. Rf2 Nf4 20. Kf1 Re8 21. Ne2 Nxe2 22. Rfxe2 e6 23. f4 Rg4 24. g3 h5 25. Kf2 h4 26. Re3 Rg6 27. Rb3 Re7 28. Ree3 Kf6 29. Re5 Rh7 30. Kg2 Rhg7 31. Rbe3 Kf7 32. Rb3 Kf6 33. Rbe3 1/2-1/2

[Event "CZE-chT2D 0809"]
[Site "Czech Republic"]
[Date "2008.11.23"]
[Round "3.5"]
[White "Dobes, Oldrich"]
[Black "Uher, Vladimir"]
[Result "1/2-1/2"]
[WhiteElo "2036"]
[BlackElo "2065"]
[PlyCount "34"]
[EventDate "2008.10.12"]
[EventType "team-tourn"]
[EventRounds "11"]
[EventCountry "CZE"]
[SourceTitle "EXT 2010"]
[Source "ChessBase"]
[SourceDate "2010.11.25"]
[SourceVersion "1"]
[SourceVersionDate "2010.11.25"]
[SourceQuality "1"]

1. e4 c6 2. d4 d5 3. Nd2 g6 4. Ngf3 Bg7 5. c3 Bg4 6. exd5 cxd5 7. Bb5+ Bd7 8. Be2 Nf6 9. Ne5 Nc6 10. Ndf3 Qb6 11. 0-0 0-0 12. Re1 Bf5 13. Qb3 Qc7 14. Bf1 Rfe8 15. h3 Rad8 16. Bf4 Qc8 17. Bh2 Nxe5 1/2-1/2

[Event "MOR-chT 0203"]
[Site "Moravia"]
[Date "2003.04.06"]
[Round "11"]
[White "Michenka, Jozef"]
[Black "Uher, Vladimir"]
[Result "1-0"]
[WhiteElo "2334"]
[BlackElo "2111"]
[PlyCount "29"]
[EventDate "2002.10.??"]
[EventType "team"]
[EventRounds "11"]
[EventCountry "CZE"]
[SourceTitle "EXT 2006"]
[Source "ChessBase"]
[SourceDate "2005.11.24"]
[SourceVersion "1"]
[SourceVersionDate "2005.11.24"]
[SourceQuality "1"]

1. d4 d5 2. c4 c5 3. cxd5 Nf6 4. dxc5 Qxd5 5. Qxd5 Nxd5 6. e4 Nb4 7. Na3 e6 8. Be3 Bd7 9. Nf3 Be7 10. Ne5 0-0 11. 0-0-0 Ba4 12. b3 Be8 13. Nc2 N4c6 14. Nc4 f5 15. exf5 1-0

[Event "MOR-chT 0203"]
[Site "Moravia"]
[Date "2003.03.09"]
[Round "9"]
[White "Hrtanek, Jiri"]
[Black "Uher, Vladimir"]
[Result "1/2-1/2"]
[WhiteElo "2243"]
[BlackElo "2124"]
[PlyCount "119"]
[EventDate "2002.10.??"]
[EventType "team"]
[EventRounds "11"]
[EventCountry "CZE"]
[SourceTitle "EXT 2006"]
[Source "ChessBase"]
[SourceDate "2005.11.24"]
[SourceVersion "1"]
[SourceVersionDate "2005.11.24"]
[SourceQuality "1"]

1. d4 d5 2. c4 c5 3. e3 Nf6 4. Nc3 e6 5. Nf3 Nc6 6. a3 a5 7. Be2 Be7 8. 0-0 0-0 9. b3 b6 10. Bb2 Ba6 11. Ne5 Qc7 12. cxd5 Bxe2 13. Qxe2 cxd4 14. Nxc6 dxc3 15. Nxe7+ Qxe7 16. Bxc3 Nxd5 17. Bb2 Rac8 18. Rac1 Qb7 19. Qg4 f5 20. Qd4 Nf6 21. Qd6 Kf7 22. Qe5 Rxc1 23. Rxc1 Rc8 24. Rd1 Qc7 25. Qd4 Qc2 26. h3 Qxb3 27. Ba1 Qd5 28. Qa4 Qc6 29. Qh4 Qc2 30. Rf1 Rc4 31. Qg3 Qd3 32. Qb8 Qxa3 33. Bxf6 Kxf6 34. Qd8+ Kf7 35. Qxb6 Qc5 36. Qb7+ Qc7 37. Qb2 a4 38. Rd1 Qc6 39. Qe2 g6 40. Qb2 Rc3 41. Ra1 Qc7 42. g3 Qc6 43. Qb8 a3 44. Qa7+ Kg8 45. Qb8+ Kg7 46. Qe5+ Kf7 47. Qb8 Rc1+ 48. Rxc1 Qxc1+ 49. Kg2 Qc6+ 50. Kg1 Qa6 51. Qc7+ Ke8 52. Qxh7 a2 53. Qxg6+ Kd7 54. Qg7+ Kc6 55. Qc3+ Kb7 56. Qb2+ Ka8 57. Qh8+ Ka7 58. Qd4+ Kb7 59. Qd7+ Kb8 60. Qd8+ 1/2-1/2

[Event "Moravia-ch"]
[Site "Moravia"]
[Date "1997.??.??"]
[Round "?"]
[White "Uher, Vladimir"]
[Black "Talpa, Pavel"]
[Result "1-0"]
[WhiteElo "1990"]
[BlackElo "1825"]
[PlyCount "74"]
[EventDate "1997.??.??"]
[EventType "swiss"]
[EventRounds "9"]
[EventCountry "CZE"]
[SourceTitle "EXT 1999"]
[Source "ChessBase"]
[SourceDate "1998.11.16"]
[SourceVersion "1"]
[SourceVersionDate "1998.11.16"]
[SourceQuality "1"]

1. d4 f5 2. c4 Nf6 3. Nc3 e6 4. Bg5 Be7 5. e3 0-0 6. Bd3 b6 7. f4 Bb7 8. Nf3 d6 9. 0-0 Nbd7 10. Qe2 c5 11. Rad1 a6 12. e4 h6 13. Bxf6 Rxf6 14. e5 Rg6 15. d5 dxe5 16. fxe5 Qb8 17. Rf2 b5 18. dxe6 Bxf3 19. Qxf3 Nxe5 20. Qxf5 Nxd3 21. Qxg6 Nxf2 22. Qf7+ Kh8 23. Qxf2 Qe5 24. Re1 Qd4 25. Nd5 Bd6 26. Qxd4 cxd4 27. e7 Re8 28. Re6 Bc5 29. b4 Ba7 30. c5 Bb8 31. Rxa6 Kg8 32. Rb6 d3 33. Kf2 Bc7 34. Rxb5 Be5 35. Ke3 Bxh2 36. Kxd3 Kf7 37. Rb6 g5 1-0